000 00418nam a2200133 a 4500
005 20140414132106.0
008 090218s19uu xx 00 eng d
050 _aFIC
_bP64 2006
100 _aPilkey, Dav
245 _aCaptain underpants and the preposterous plight of the purple potty people :
_bthe eighth epic novel.
260 _aNew York :
_bScholastic ,
_c2006.
440 _aCaptain Underpants
999 _c114595
_d114595